Realidad y Perspectiva de la Educación Básica de Adultos Modalidad Semipresencial del Tercer Ciclo, 8vo. Grado Año Escolar 2006-2007, en las Escuelas San Joaquín, Colombia Canario y Puerto Rico Del Distrito Educativo 10-03 (Record no. 2082)
[ view plain ]
| 000 -LEADER | |
|---|---|
| campo de control de longitud fija | 02837nam a2200529Ia 4500 |
| 001 - NÚMERO DE CONTROL | |
| campo de control | 2220 |
| 008 - DATOS DE LONGITUD FIJA--INFORMACIÓN GENERAL | |
| campo de control de longitud fija | 241029s9999 xx 000 0 und d |
| 010 ## - NÚMERO DE CONTROL DE LA BIBLIOTECA DEL CONGRESO | |
| Número de control de LC | 2082 |
| 041 ## - CÓDIGO DE IDIOMA | |
| Código de lengua del texto/banda sonora o título independiente | Español |
| 082 ## - NÚMERO DE LA CLASIFICACIÓN DECIMAL DEWEY | |
| Número de clasificación | MA-TE 0006 FH 2008 |
| 245 #0 - MENCIÓN DEL TÍTULO | |
| Título | Realidad y Perspectiva de la Educación Básica de Adultos Modalidad Semipresencial del Tercer Ciclo, 8vo. Grado Año Escolar 2006-2007, en las Escuelas San Joaquín, Colombia Canario y Puerto Rico Del Distrito Educativo 10-03 |
| 260 ## - PUBLICACIÓN, DISTRIBUCIÓN, ETC. | |
| Lugar de publicación, distribución, etc. | Santo Domingo |
| 300 ## - DESCRIPCIÓN FÍSICA | |
| Extensión | 127 |
| 520 ## - RESUMEN, ETC. | |
| Sumario, etc. | 33 |
| 520 ## - RESUMEN, ETC. | |
| Sumario, etc. | El objetivo de la investigación fue determinar las realidades y perspectivas de la educación de adultos modalidad semipresencial de tercer ciclo en las escuelas San Joaquín, Colombia Canario y Puerto Rico.El estudio fue de tipo descriptivo, fundamentado en los métodos de análisis documental y datos de archivos, mediante la aplicación de dos cuestionarios y análisis bibliográficos. La población estuvo conformada por 133 estudiantes de las escuelas ya mencionadas.El estudio concluye, que los estudiantes del tercer ciclo presentan limitaciones en la base cognitiva, incrementado por la falta de capacitación del docente para manejar la modalidad semipresencial, iluminación interna y externa de las aulas, poco uso del medio ambiente escolar y extra escolar, así como falta de uso de material audiovisual y tecnológico por parte de los maestros de estos centros educativos.Se recomienda, diseñar mayor cantidad de entrenamientos para lograr una mayor trasmisión de conocimientos a personas adultas en el tercer ciclo del subsistema de educación básica de adultos, además, capacitar al personal docente y administrativo que se desempeñe con altos niveles de calidad y un pertinente manejo de recursos audiovisuales y tecnológicos, así como la utilización del entorno circundante en el proceso de enseñanza- aprendizaje. |
| 630 ## - PUNTO DE ACCESO ADICIONAL DE MATERIA--TÍTULO UNIFORME | |
| Título uniforme | Educación para Adultos |
| 650 ## - PUNTO DE ACCESO ADICIONAL DE MATERIA--TÉRMINO DE MATERIA | |
| Término de materia o nombre geográfico como elemento de entrada | Enseñanza |
| 690 ## - PUNTO DE ACCESO ADICIONAL DE MATERIA LOCAL--TÉRMINO DE MATERIA (OCLC, RLIN) | |
| Término de materia o nombre geográfico como elemento inicial | Elaborado |
| 700 ## - ENTRADA AGREGADA--NOMBRE PERSONAL | |
| Término indicativo de función/relación | asesor |
| Nombre de persona | Paredes Feliz , Domingo |
| 700 ## - ENTRADA AGREGADA--NOMBRE PERSONAL | |
| Término indicativo de función/relación | autor |
| Nombre de persona | Núñez, Berta |
| 700 ## - ENTRADA AGREGADA--NOMBRE PERSONAL | |
| Término indicativo de función/relación | autor |
| Nombre de persona | Hiachez Enerio , Asunción |
| 901 ## - ELEMENTOS DE DATOS A LOCAL LDA (RLIN) | |
| a | {"1":"Núñez","2":" Hiachez Enerio "} |
| b | {"1":"Berta ","2":"Asunción"} |
| 902 ## - ELEMENTOS DE DATOS B LOCAL, LDB (RLIN) | |
| a | 1 |
| 903 ## - ELEMENTOS DE DATOS C LOCAL, LDC (RLIN) | |
| a | {"1":"Paredes Feliz "} |
| b | {"1":"Domingo"} |
| 904 ## - ELEMENTOS DE DATOS D LOCAL, LDD (RLIN) | |
| a | Maestría en |
| 905 ## - ELEMENTOS DE DATOS E LOCAL, LDE (RLIN) | |
| a | Tecnología Educativa |
| 906 ## - ELEMENTOS DE DATOS F LOCAL, LDF (RLIN) | |
| a | 2 |
| 907 ## - ELEMENTOS DE DATOS G LOCAL, LDG (RLIN) | |
| a | NO APLICA |
| 908 ## - COLOCAR PARÁMETRO DE COMANDO (RLIN) | |
| Colocar parámetro de comando | NO APLICA |
| 909 ## - | |
| -- | Universidad Autónoma de Santo Domingo (UASD) |
| 910 ## - DATOS DE OPCIÓN DEL USUARIO (OCLC) | |
| Datos de opción del usuario | NULL |
| -- | NULL |
| 911 ## - EQUIVALENCIA O REFERENCIA-CRUZADA-NOMBRE DE CONFERENCIA O REUNIÓN/CONGRESO [LOCAL, CANADÁ] | |
| Nombre de congreso/reunión o jurisdicción como elemento de entrada | ["1"] |
| 912 ## - | |
| -- | NO APLICA |
| 913 ## - | |
| -- | NULL |
| 914 ## - | |
| -- | 01 de Abril de 2008 |
| 915 ## - | |
| -- | NULL |
| 916 ## - | |
| -- | NULL |
| 917 ## - | |
| -- | NULL |
| 918 ## - | |
| -- | NO APLICA |
| 919 ## - | |
| -- | ["79"] |
| 921 ## - | |
| -- | 16 |
| 922 ## - | |
| -- | 16 |
| 923 ## - | |
| -- | 0 |
| 924 ## - | |
| -- | NO APLICA |
| 942 ## - ELEMENTOS DE ENTRADA SECUNDARIOS (KOHA) | |
| Tipo de ítem Koha | |
No items available.